[Event "IECC Swiss-468.4"]
[Site "IECC email"]
[Date "2005.09.27"]
[Round "?"]
[White "Batista, Helena"]
[Black "Krunski, Jan Maria"]
[Result "1-0"]
[WhiteElo "1925"]
[BlackElo "1755"]
[PlyCount "75"]
[EventDate "2005.??.??"]
[EventType "swiss (corr)"]
[EventRounds "1"]
[SourceTitle "Corr 2020"]
[Source "ChessBase"]
[SourceDate "2019.09.30"]
[SourceVersion "1"]
[SourceVersionDate "2019.09.30"]
[SourceQuality "1"]
[WhiteTeam "Brazil"]
[BlackTeam "Poland"]
[WhiteTeamCountry "BRA"]
[BlackTeamCountry "POL"]

1. e4 e5 2. Nf3 Nc6 3. Bb5 a6 4. Bxc6 dxc6 5. 0-0 Bg4 6. h3 Bh5 7. g4 Bg6 8. Nxe5 Bd6 9. Nxg6 hxg6 10. Qf3 Qh4 11. Kg2 0-0-0 12. d4 f5 13. gxf5 Rf8 14. Qg4 Qxg4+ 15. hxg4 Rh4 16. Kf3 gxf5 17. gxf5 g6 18. Nc3 gxf5 19. e5 Bb4 20. Ne2 Kd7 21. Rg1 Ne7 22. c3 Ba5 23. Bg5 Rh3+ 24. Rg3 Rxg3+ 25. Nxg3 Ng6 26. Rh1 Rg8 27. Rh7+ Ke6 28. b4 Bb6 29. Nh5 a5 30. Ke3 Rh8 31. Nf4+ Nxf4 32. Rxh8 Nd5+ 33. Kd3 Kf7 34. Bd2 axb4 35. cxb4 Ne7 36. a4 Ke6 37. a5 Ba7 38. Ra8 1-0

[Event "IECC KO-3033"]
[Site "IECC email"]
[Date "2004.05.14"]
[Round "?"]
[White "Batista, Helena"]
[Black "Tew, Paul"]
[Result "1/2-1/2"]
[WhiteElo "1871"]
[BlackElo "1928"]
[PlyCount "38"]
[EventDate "2003.??.??"]
[EventType "match (corr)"]
[EventRounds "2"]
[SourceTitle "Corr 2020"]
[Source "ChessBase"]
[SourceDate "2019.09.30"]
[SourceVersion "1"]
[SourceVersionDate "2019.09.30"]
[SourceQuality "1"]
[WhiteTeam "Brazil"]
[BlackTeam "Wales"]
[WhiteTeamCountry "BRA"]
[BlackTeamCountry "WLS"]

1. e4 e5 2. Nf3 Nc6 3. Bb5 f5 4. Nc3 fxe4 5. Nxe4 Nf6 6. Nxf6+ Qxf6 7. 0-0 Nd4 8. Nxd4 exd4 9. Re1+ Be7 10. Qh5+ g6 11. Qh6 c6 12. d3 Kf7 13. Ba4 d5 14. Bd2 Bd7 15. Bb3 Bf8 16. Qg5 Qxg5 17. Bxg5 Bc5 18. Bf4 Rhe8 19. h3 Kf6 1/2-1/2

[Event "IECC CL4-2003.23 email"]
[Site "IECC email"]
[Date "2003.10.12"]
[Round "?"]
[White "Gustafsson, Lars"]
[Black "Batista, Helena"]
[Result "0-1"]
[WhiteElo "1718"]
[BlackElo "1787"]
[PlyCount "70"]
[EventDate "2003.??.??"]
[EventType "tourn (corr)"]
[EventRounds "4"]
[SourceTitle "Corr 2008"]
[Source "ChessBase"]
[SourceDate "2008.06.24"]
[SourceVersion "1"]
[SourceVersionDate "2008.06.24"]
[SourceQuality "1"]

1. d4 Nf6 2. c4 c5 3. d5 b5 4. cxb5 a6 5. bxa6 Bxa6 6. Nc3 d6 7. Nf3 g6 8. g3 Bg7 9. Bg2 0-0 10. 0-0 Nbd7 11. Qc2 h6 12. Rd1 Qb6 13. e4 Rfb8 14. Rb1 Ng4 15. h3 Nge5 16. Nxe5 Nxe5 17. b3 Qa5 18. Na4 Bb5 19. f4 Nc4 20. Nxc5 dxc5 21. e5 Nxe5 22. fxe5 Bxe5 23. a4 Bd7 24. g4 c4 25. Qxc4 Bxa4 26. Be3 Bb5 27. Qc2 Rc8 28. Qe4 Bg7 29. b4 Qa2 30. Qxe7 Rc2 31. Bf3 Qa3 32. Qe4 Rc4 33. Rd3 Rxe4 34. Rxa3 Rxa3 35. Bxe4 Rxe3 0-1

[Event "IECC TH-M email"]
[Site "IECC email"]
[Date "2003.05.09"]
[Round "?"]
[White "Batista, Helena"]
[Black "Jensen, Jeff"]
[Result "1-0"]
[WhiteElo "1703"]
[BlackElo "1553"]
[PlyCount "51"]
[EventDate "2003.??.??"]
[EventType "match (corr)"]
[EventRounds "2"]
[SourceTitle "Corr 2008"]
[Source "ChessBase"]
[SourceDate "2008.06.24"]
[SourceVersion "1"]
[SourceVersionDate "2008.06.24"]
[SourceQuality "1"]

1. e4 Nf6 2. e5 Nd5 3. d4 d6 4. Nf3 Bg4 5. Be2 Nc6 6. 0-0 e6 7. c4 Nb6 8. exd6 cxd6 9. d5 exd5 10. cxd5 Nb4 11. Qe1 Qc8 12. Qxb4 Nxd5 13. Qb5+ Qc6 14. Qb3 Nc7 15. Nd4 Be6 16. Qb4 a5 17. Nxc6 axb4 18. Nxb4 d5 19. Nc2 Bd6 20. Nd4 0-0 21. Nc3 Rfe8 22. Be3 Bb4 23. a3 Bxc3 24. bxc3 Bd7 25. Rfb1 Bc6 26. Rb6 1-0

[Event "IECC TH-M email"]
[Site "IECC email"]
[Date "2003.05.09"]
[Round "?"]
[White "Jensen, Jeff"]
[Black "Batista, Helena"]
[Result "0-1"]
[WhiteElo "1516"]
[BlackElo "1722"]
[PlyCount "100"]
[EventDate "2003.??.??"]
[EventType "match (corr)"]
[EventRounds "2"]
[SourceTitle "Corr 2008"]
[Source "ChessBase"]
[SourceDate "2008.06.24"]
[SourceVersion "1"]
[SourceVersionDate "2008.06.24"]
[SourceQuality "1"]

1. e4 Nf6 2. e5 Nd5 3. d4 d6 4. Nf3 dxe5 5. Nxe5 Nd7 6. Bc4 e6 7. 0-0 Be7 8. Qf3 0-0 9. Nc3 Nb4 10. Bb3 c5 11. Nxd7 Bxd7 12. dxc5 Bxc5 13. Rd1 Nc6 14. Bf4 Nd4 15. Qxb7 Bc6 16. Qa6 Qf6 17. Bg3 Nxb3 18. axb3 Bb6 19. Qe2 Rad8 20. Qg4 Rd4 21. Rxd4 Bxd4 22. Bh4 Qe5 23. Bg3 Qc5 24. Qe2 e5 25. Nd1 Qd5 26. Ne3 Qe4 27. c3 Bxe3 28. fxe3 Rd8 29. b4 Rd3 30. b5 Bxb5 31. Qf3 Qxf3 32. gxf3 Rxe3 33. Rxa7 f6 34. f4 exf4 35. Bxf4 Re1+ 36. Kf2 Re2+ 37. Kf3 Rxb2 38. Ke3 g5 39. Bd6 f5 40. Kd4 Rd2+ 41. Kc5 Bd3 42. Be7 h6 43. h4 g4 44. Bf6 Be4 45. Rg7+ Kf8 46. Rg6 Kf7 47. h5 f4 48. Rxh6 g3 49. Bd4 Rxd4 50. Kxd4 g2 0-1

[Event "IECC KO email"]
[Site "IECC email"]
[Date "2002.07.03"]
[Round "?"]
[White "Batista, Helena"]
[Black "Guelker, Lorenz"]
[Result "1-0"]
[WhiteElo "1651"]
[BlackElo "1351"]
[PlyCount "72"]
[EventDate "2002.??.??"]
[EventType "tourn (corr)"]
[EventRounds "6"]
[SourceTitle "Corr 2008"]
[Source "ChessBase"]
[SourceDate "2008.06.24"]
[SourceVersion "1"]
[SourceVersionDate "2008.06.24"]
[SourceQuality "1"]

1. Nf3 d5 2. d4 Bf5 3. c4 dxc4 4. e3 b5 5. Nc3 a6 6. Ne5 g6 7. g4 Be6 8. Bg2 Ra7 9. d5 Bg7 10. Qd4 Bxg4 11. Qxa7 Bxe5 12. Bd2 e6 13. f3 Bh5 14. dxe6 fxe6 15. a4 b4 16. 0-0-0 Ne7 17. Ne4 Nd5 18. Qc5 c3 19. bxc3 bxc3 20. Bxc3 Bd6 21. Nxd6+ cxd6 22. Rxd5 exd5 23. Qxd5 Rf8 24. Bb4 Rf5 25. Qg8+ Ke7 26. Qxh7+ Rf7 27. Qh6 Qc7+ 28. Kd2 Qc4 29. Qg5+ Kd7 30. Bh3+ Ke8 31. Bxd6 Qa2+ 32. Kc3 Nd7 33. Rf1 Rh7 34. Rd1 Bxf3 35. Qxg6+ Qf7 36. Bxd7+ Kxd7 1-0

[Event "IECC KO email"]
[Site "IECC email"]
[Date "2002.07.03"]
[Round "?"]
[White "Guelker, Lorenz"]
[Black "Batista, Helena"]
[Result "0-1"]
[WhiteElo "1357"]
[BlackElo "1645"]
[PlyCount "62"]
[EventDate "2002.??.??"]
[EventType "tourn (corr)"]
[EventRounds "6"]
[SourceTitle "Corr 2008"]
[Source "ChessBase"]
[SourceDate "2008.06.24"]
[SourceVersion "1"]
[SourceVersionDate "2008.06.24"]
[SourceQuality "1"]

1. d4 Nf6 2. Bf4 d5 3. e3 c5 4. dxc5 e6 5. b4 Nc6 6. Bb5 Bd7 7. c3 b6 8. cxb6 Qxb6 9. Ba4 Ne4 10. f3 Nf6 11. Ne2 Nh5 12. Qd2 Nxf4 13. Nxf4 Bd6 14. e4 0-0 15. Nh5 Rfd8 16. a3 Bc7 17. Qg5 Be5 18. Bxc6 Bxc6 19. Ra2 Bb5 20. a4 Bc4 21. Rd2 f5 22. a5 Qc7 23. f4 h6 24. Qh4 Bd6 25. e5 Bf8 26. Na3 Ba6 27. Qg3 d4 28. Qg6 Kh8 29. Qxe6 Qxc3 30. Qxa6 Qc1+ 31. Ke2 Qxh1 0-1

[Event "IECC P email"]
[Site "IECC email"]
[Date "2002.04.23"]
[Round "?"]
[White "Dunn, Carl"]
[Black "Batista, Helena"]
[Result "0-1"]
[WhiteElo "1932"]
[BlackElo "1581"]
[PlyCount "58"]
[EventDate "2002.??.??"]
[EventType "tourn (corr)"]
[EventRounds "6"]
[SourceTitle "Corr 2008"]
[Source "ChessBase"]
[SourceDate "2008.06.24"]
[SourceVersion "1"]
[SourceVersionDate "2008.06.24"]
[SourceQuality "1"]

1. e4 c5 2. b3 e6 3. Bb2 d5 4. exd5 exd5 5. Nf3 Nf6 6. Bb5+ Nc6 7. 0-0 Be7 8. Ne5 Qc7 9. Re1 0-0 10. Nxc6 bxc6 11. Bxc6 Rb8 12. h3 Be6 13. Ba4 Rfd8 14. Na3 a6 15. Qf3 Nd7 16. Rxe6 fxe6 17. Qg4 Bf6 18. Qxe6+ Kh8 19. Bxf6 Nxf6 20. Qxa6 Ne4 21. Qe2 Rf8 22. Nb5 Qb6 23. d3 Rxf2 24. Qg4 Nf6 25. Qd1 c4 26. d4 Ne4 27. bxc4 Rbf8 28. cxd5 Rxg2+ 29. Kxg2 Rf2+ 0-1

[Event "IECC CL4-2001.39"]
[Site "IECC email"]
[Date "2001.12.06"]
[Round "?"]
[White "Gould, Michael"]
[Black "Batista, Helena"]
[Result "1-0"]
[WhiteElo "1770"]
[BlackElo "1655"]
[PlyCount "99"]
[EventDate "2001.??.??"]
[EventType "tourn (corr)"]
[EventRounds "4"]
[SourceTitle "Corr 2008"]
[Source "ChessBase"]
[SourceDate "2008.06.24"]
[SourceVersion "1"]
[SourceVersionDate "2008.06.24"]
[SourceQuality "1"]

1. e4 c5 2. d4 cxd4 3. c3 d5 4. exd5 Nf6 5. Bb5+ Bd7 6. Bc4 b5 7. Bb3 Na6 8. Qxd4 e6 9. Bg5 Be7 10. dxe6 Bxe6 11. Bxe6 Qxd4 12. Bxf7+ Kxf7 13. cxd4 Nb4 14. Na3 Rhe8 15. Nf3 Bd6+ 16. Be3 a6 17. 0-0 Kg8 18. b3 Rac8 19. Bd2 Nd3 20. Nb1 Rc2 21. a4 Ne4 22. Be3 Rb2 23. Nbd2 Nxd2 24. Bxd2 Rxb3 25. axb5 axb5 26. Rfb1 Rxb1+ 27. Rxb1 Ra8 28. Kf1 b4 29. Ke2 Nf4+ 30. Bxf4 Bxf4 31. Rxb4 Ra2+ 32. Kd3 Rxf2 33. Ke4 g5 34. g3 g4 35. Kxf4 gxf3 36. h4 Rf1 37. Ke3 Kf7 38. Rb2 Rd1 39. Rd2 Rf1 40. Rf2 Rb1 41. Rxf3+ Ke7 42. Ke4 Re1+ 43. Kf5 Ra1 44. d5 Kd6 45. Rd3 Ra7 46. Kg5 Rd7 47. Kh6 Ke5 48. d6 Ke4 49. Rd1 Ke5 50. g4 1-0

[Event "IECC P email"]
[Site "IECC email"]
[Date "2001.05.03"]
[Round "?"]
[White "Batista, Helena"]
[Black "Dambacher, Andreas"]
[Result "1/2-1/2"]
[WhiteElo "1473"]
[BlackElo "1822"]
[PlyCount "81"]
[EventDate "2001.??.??"]
[EventType "tourn (corr)"]
[EventRounds "6"]
[SourceTitle "Corr 2008"]
[Source "ChessBase"]
[SourceDate "2008.06.24"]
[SourceVersion "1"]
[SourceVersionDate "2008.06.24"]
[SourceQuality "1"]

1. e4 e5 2. Nf3 Nf6 3. Nxe5 d6 4. Nf3 Nxe4 5. d4 d5 6. Bd3 Bd6 7. 0-0 0-0 8. c4 c6 9. c5 Bc7 10. Nc3 Nxc3 11. bxc3 Bg4 12. Re1 Nd7 13. Bg5 f6 14. Bd2 Re8 15. Qb1 Nf8 16. Rxe8 Qxe8 17. Qxb7 Ne6 18. Re1 Rb8 19. Qxa7 Qd7 20. Kh1 Rb2 21. Bc1 Rxf2 22. Qa8+ Nd8 23. Nh4 Bh5 24. Qa7 g5 25. Nf5 Bg4 26. Ne3 Bh3 27. Bf1 Bf5 28. Qa3 g4 29. g3 Be4+ 30. Kg1 Rf3 31. Bg2 f5 32. Qa7 Ne6 33. Bxf3 gxf3 34. Nd1 h5 35. Nf2 h4 36. Qb7 hxg3 37. hxg3 Qe8 38. Bg5 Bxg3 39. Qe7 Qg6 40. Qf6 Qxg5 41. Qxg5+ 1/2-1/2

[Event "IECC CL6-2000.20"]
[Site "IECC email"]
[Date "2000.06.02"]
[Round "?"]
[White "Batista, Helena"]
[Black "Bourbeau, Andre"]
[Result "1-0"]
[WhiteElo "1269"]
[BlackElo "1133"]
[PlyCount "69"]
[EventDate "2000.??.??"]
[EventType "tourn (corr)"]
[EventRounds "4"]
[SourceTitle "Corr 2008"]
[Source "ChessBase"]
[SourceDate "2008.06.24"]
[SourceVersion "1"]
[SourceVersionDate "2008.06.24"]
[SourceQuality "1"]

1. d4 Nf6 2. c4 e6 3. Nf3 b6 4. g3 Bb7 5. Bg2 Be7 6. 0-0 0-0 7. Nc3 Ne4 8. Qc2 Nxc3 9. Qxc3 f5 10. b3 Bf6 11. Bb2 d6 12. Rad1 a5 13. Ne1 Bxg2 14. Nxg2 Nc6 15. Qd2 Qc8 16. Nf4 Bg5 17. e3 Bxf4 18. exf4 d5 19. Rfe1 Qd7 20. Qe2 Rfe8 21. a3 Rab8 22. Rc1 a4 23. b4 Kf7 24. h4 Na7 25. Qc2 dxc4 26. Qxc4 c6 27. Re5 g6 28. Qc3 Rg8 29. d5 cxd5 30. Rxd5 Qe7 31. Qe5 exd5 32. Rc7 Nc8 33. Qxd5+ Kf8 34. Be5 h6 35. h5 1-0

[Event "IECC P email"]
[Site "IECC email"]
[Date "2000.04.15"]
[Round "?"]
[White "Batista, Helena"]
[Black "Evans, Kyle"]
[Result "1-0"]
[WhiteElo "1200"]
[BlackElo "1108"]
[PlyCount "23"]
[EventDate "2000.??.??"]
[EventType "tourn (corr)"]
[EventRounds "6"]
[SourceTitle "Corr 2008"]
[Source "ChessBase"]
[SourceDate "2008.06.24"]
[SourceVersion "1"]
[SourceVersionDate "2008.06.24"]
[SourceQuality "1"]

1. e4 e5 2. Nf3 Nf6 3. Bb5 c6 4. Be2 Bc5 5. Nxe5 Nxe4 6. d4 Bb6 7. Be3 Nxf2 8. Bxf2 0-0 9. 0-0 Re8 10. Bh5 g6 11. Nxf7 Kxf7 12. Bh4+ 1-0